Sparta Prague players since 2000 - Statistics

General Stats
  • This quiz has been taken 12 times
  • The average score is 104 of 309
Answer Stats
Ranking Player Positions Nationality Matches Goals Assists Periods % Correct
6 David Lafata ST 171 95 16 2012-2018
100%
148 Albion Rrahmani ST 25 5 2 2024-2025
78%
38 Florin Niță GK 97 0 0 2017-2022
78%
1 Jaromir Blazek GK 270 0 0 2000-2006, 2008-2012
78%
2 Ladislav Krejci LM 199 36 42 2009-2015, 2020-2022
78%
26 Ladislav Krejci CB 109 34 6 2019-2024
78%
25 Lukas Haraslin LW 111 35 25 2021-2025
78%
11 Michal Kadlec CB 157 10 9 2004-2008, 2016-2018
78%
290 Milan Kadlec RB 1 0 0 2016-2017
78%
4 Vaclav Kadlec ST 184 55 16 2008-2014, 2016-2019
78%
78 Veljko Birmancevic LW 63 22 13 2023-2025
78%
53 Asger Sörensen CB 83 7 2 2022-2025
67%
119 Bogdan Vătăjelu LB 34 0 11 2016-2019
67%
3 Borek Dockal AM 199 33 70 2013-2016, 2018-2022
67%
37 Filip Panák CB 98 4 5 2021-2025
67%
62 Jan Kuchta ST 76 33 17 2022-2025
67%
50 Jaroslav Zelený CB 85 3 10 2022-2025
67%
56 Kaan Kairinen CM 81 5 17 2022-2025
67%
33 Karel Poborský RW 104 28 31 2002-2006
67%
89 Matej Rynes LM 56 2 9 2023-2025
67%
63 Peter Vindahl GK 76 0 0 2023-2025
67%
58 Qazim Laci CM 80 4 13 2022-2025
67%
123 Tomas Rosicky AM 32 6 4 2000-2001, 2016-2018
67%
36 Adam Hlozek CF 99 31 31 2018-2022
56%
270 Adam Sevinsky CB 3 0 0 2024-2025
56%
138 Angelo Preciado RB 27 3 7 2023-2025
56%
7 Costa Nhamoinesu CB 163 10 11 2013-2020
56%
73 David Bicik GK 67 0 0 2003-2004, 2014-2018
56%
61 Dávid Hancko CB 77 14 8 2019-2023
56%
222 Emmanuel Uchenna CB 8 0 0 2024-2025
56%
126 Ermal Krasniqi LW 30 4 2 2024-2025
56%
42 Jiri Novotny CB 90 9 3 2000-2003
56%
8 Libor Sionko RW 161 33 23 2000-2003, 2009-2012
56%
170 Marek Cech LB 20 0 0 2004-2005
56%
297 Marek Cech GK 1 0 0 2012-2013
56%
35 Marek Kincl ST 104 26 10 2000-2004
56%
23 Martin Vitík CB 113 11 2 2020-2025
56%
10 Michal Sacek RB 159 2 15 2015-2023
56%
19 Miroslav Matusovic LW 125 15 18 2004-2009
56%
124 Nicolae Stanciu AM 31 10 10 2017-2019
56%
268 Ondrej Novotny ST 3 0 0 2020-2021
56%
152 Patrik Berger AM 23 6 5 2008-2010
56%
243 Patrik Schick ST 6 0 0 2013-2015
56%
45 Pavel Kaderabek RB 88 10 19 2010-2015
56%
209 Pavel Novotny LB 11 1 0 2000-2001
56%
111 Petr Cech GK 39 0 0 2001-2002
56%
9 Tomas Repka CB 159 3 1 2005-2012
56%
60 Tomáš Vaclík GK 78 0 0 2011-2014
56%
15 Tomas Wiesner RM 139 13 20 2018-2019, 2020-2025
56%
76 Victor Olatunji ST 65 12 3 2023-2025
56%
66 Wilfried Bony ST 71 28 9 2008-2011
56%
28 Adam Karabec AM 108 12 9 2019-2024
44%
211 Awer Mabil LW 11 2 2 2022-2023
44%
296 Christian Frydek AM 1 0 0 2016-2017
44%
68 David Moberg Karlsson RW 70 17 17 2018-2022
44%
31 David Pavelka CM 105 9 5 2010-2011, 2012-2013, 2020-2025
44%
220 Elias Cobbaut CB 9 1 0 2024-2025
44%
83 Guélor Kanga CM 60 27 8 2017-2020
44%
197 Horst Siegl ST 14 1 2 2000-2001
44%
162 Indrit Tuci ST 22 3 2 2023-2025
44%
96 Jan Flachbart RB 48 0 4 2000-2004
44%
280 Jan Simunek CB 2 0 0 2004-2005, 2007-2008
44%
14 Jiri Jarosik CB 143 28 18 2000-2002, 2011-2013
44%
69 Josef Sural ST 69 20 8 2015-2019
44%
90 Juraj Kucka CM 55 14 6 2008-2011
44%
106 Libor Kozák ST 41 15 5 2019-2021
44%
39 Lukas Sadilek CM 97 6 9 2022-2025
44%
85 Lukas Stetina CB 58 2 4 2017-2022
44%
22 Lukas Vacha DM 114 7 5 2012-2019
44%
225 Magnus Kofod Andersen CM 8 0 1 2024-2025
44%
18 Manuel Pamic LB 132 4 8 2008-2013
44%
5 Marek Matejovsky CM 179 2 25 2010-2016
44%
21 Martin Frydek LB 114 9 12 2011-2012, 2015-2020
44%
158 Martin Suchomel LM 23 1 2 2021-2022, 2024-2025
44%
155 Matej Kovar GK 23 0 1 2022-2023
44%
252 Michal Spit GK 6 0 0 2001-2003
44%
166 Patrik Vydra DM 21 0 2 2021-2025
44%
271 Petr Kouba GK 3 0 0 2003-2004
44%
51 Radoslav Kovac CB 85 3 4 2003-2004, 2014-2016
44%
168 Tal Ben Haim LW 20 0 3 2017-2019
44%
34 Tomas Hübschman DM 104 0 0 2001-2004
44%
17 Tomas Jun CF 133 38 15 2000-2004, 2006-2007
44%
46 Vladimír Labant LB 88 7 13 2000-2005
44%
43 Zdenek Pospech RB 89 6 8 2005-2008
44%
176 Adam Petrous CB 18 0 0 2005-2006
33%
214 Aleksandr Prudnikov ST 11 0 1 2009-2010
33%
88 Benjamin Tetteh ST 56 18 7 2018-2020
33%
257 Daniel Zitka GK 5 0 0 2010-2011
33%
164 Dominik Holec GK 21 0 0 2021-2023
33%
146 Igor Gluscevic ST 25 3 1 2003-2004
33%
249 James Gomez CB 6 0 0 2023-2024
33%
91 Jan Rezek CF 53 4 3 2003-2004, 2006-2008
33%
84 Jiri Homola CB 60 7 1 2002-2004, 2006-2007
33%
194 Jiri Nemec DM 14 0 1 2003-2004
33%
183 Jiri Stajner CF 16 3 4 2003-2004
33%
190 Jonathan Biabiany RW 15 0 1 2017-2018
33%
27 Josef Husbauer CM 109 36 22 2011-2016
33%
265 Juraj Ancic LM 3 0 0 2006-2007
33%
16 Kamil Vacek DM 135 14 6 2007-2011, 2013-2015
33%
41 Karol Kisel CM 91 14 9 2005-2009
33%
120 Krystof Danek RW 34 2 5 2022-2023, 2024-2025
33%
44 Léonard Kweuke ST 89 33 14 2010-2013
33%
32 Libor Dosek ST 104 29 7 2005-2009
33%
64 Lubos Husek DM 75 1 2 2006-2012
33%
122 Ludovic Sylvestre CM 33 0 1 2006-2008
33%
172 Lukas Hartig ST 19 4 1 2001-2002
33%
13 Lukas Zelenka AM 145 21 12 2001-2006
33%
256 Marc Janko ST 5 1 0 2017-2018
33%
300 Marek Jungr CM 1 0 0 2005-2006
33%
70 Marek Kulic ST 68 13 13 2006-2009
33%
12 Mario Holek CB 154 3 3 2011-2017
33%
132 Markus Solbakken DM 28 1 1 2023-2025
33%
215 Martin Dúbravka GK 11 0 0 2017-2018
33%
59 Martin Hasek DM 79 1 5 2000-2001, 2004-2007
33%
145 Martin Hasek CM 25 6 4 2018-2020
33%
216 Martin Horak CB 10 2 0 2001-2003
33%
67 Martin Minchev AM 70 9 9 2020-2024
33%
47 Martin Petras RB 88 7 0 2002-2006
33%
130 Matej Polidar LM 29 4 1 2020-2022
33%
175 Matus Kozacik GK 18 0 0 2008-2010
33%
129 Mauro Lustrinelli ST 29 6 3 2005-2007
33%
273 Michal Hanek CB 2 0 0 2005-2006
33%
128 Michal Meduna FW 29 3 4 2004-2005
33%
302 Michal Zelenka MF 1 0 0 2004-2005
33%
255 Milan Fukal CB 5 0 1 2000-2001
33%
105 Milan Heca GK 41 0 0 2018-2022
33%
142 Milan Pacanda FW 25 6 2 2004-2005
33%
188 Milan Svenger GK 16 0 0 2011-2012
33%
137 Miroslav Baranek AM 27 4 2 2002-2005
33%
55 Miroslav Slepicka ST 82 21 5 2005-2008, 2011-2012
33%
109 Niklas Hoheneder CB 39 0 2 2009-2011
33%
185 Ondrej Herzan CM 16 1 0 2004-2007
33%
237 Ondrej Kudela CB 7 0 0 2008-2009
33%
52 Ondrej Kusnir RB 84 5 4 2008-2012
33%
94 Pavel Horvath CM 49 6 12 2006-2008
33%
287 Pavel Malcharek ST 1 0 0 2004-2005
33%
101 Petr Johana CB 46 1 0 2003-2005
33%
139 Petr Lukas CB 26 0 0 2005-2007
33%
113 Petr Papousek LM 38 5 3 2000-2002
33%
74 Petr Vorisek CB 66 2 4 2003-2004, 2007-2009
33%
99 Radoslav Zabavník LB 46 1 0 2005-2008
33%
30 Rastislav Michalík DM 107 3 17 2001-2005
33%
210 Rio Mavuba DM 11 0 0 2017-2018
33%
102 Roman Bednar ST 44 9 1 2012-2015
33%
308 Roman Horak CM 1 0 0 2024-2025
33%
121 Roman Hubnik CB 33 7 0 2008-2010
33%
276 Sergio Peter LM 2 0 0 2008-2009
33%
54 Srdjan Plavsic LM 83 8 16 2017-2021
33%
117 Tomas Cvancara ST 35 17 3 2021-2023
33%
127 Tomas Grigar GK 29 0 0 2004-2008
33%
213 Tomas Kona CM 11 0 0 2005-2007
33%
307 Tomas Schanelec ST 1 0 0 2022-2023
33%
29 Tomas Sivok CB 107 7 6 2002-2008
33%
98 Tomas Zapotocny CB 46 6 5 2010-2014
33%
246 Vladimir Gluscevic ST 6 0 0 2003-2004
33%
278 Vojtech Patrak LW 2 0 0 2020-2022
33%
274 Vojtech Vorel GK 2 0 0 2023-2024
33%
309 Zdenek Folprecht CM 1 0 0 2009-2010
33%
57 Zdenek Grygera RB 81 2 2 2000-2003
33%
306 Adam Gabriel RB 1 0 0 2021-2022
22%
272 Adam Janos DM 2 0 0 2012-2013
22%
149 Ales Cermak AM 24 1 0 2012-2013, 2016-2017
22%
144 Ales Urbanek LB 25 0 1 2004-2005
22%
157 Alexandru Chipciu LB 23 1 2 2018-2019
22%
95 Andreas Vindheim RB 48 3 5 2019-2022
22%
277 André Hainault CB 2 0 0 2007-2008
22%
125 Andrej Keric ST 30 3 2 2010-2013
22%
181 Bekim Balaj ST 17 4 2 2012-2013
22%
305 Bohumil Nadenicek ST 1 0 0 2006-2007
22%
141 Casper Højer LB 26 2 11 2021-2023
22%
179 Daniel Holzer LM 17 1 2 2016-2017
22%
81 Daniel Kolar AM 62 9 1 2005-2009
22%
293 Daniel Köstl CB 1 0 0 2016-2017
22%
259 Danijel Cesarec ST 4 0 0 2002-2003
22%
299 David Capek ST 1 0 0 2015-2016
22%
173 David Hovorka CB 19 1 0 2017-2018
22%
184 David Limbersky LB 16 0 0 2007-2008
22%
160 David Lischka CB 22 0 2 2019-2021
22%
266 David Strihavka ST 3 0 0 2004-2005
22%
218 Denis Kovba DM 9 0 0 2009-2010
22%
301 Dimitrije Kamenovic LB 1 0 0 2022-2023
22%
180 Dominik Plechaty CB 17 0 0 2018-2019, 2020-2021
22%
174 Eldar Civic LB 19 1 3 2017-2019
22%
75 Erich Brabec CB 65 0 2 2009-2012
22%
245 Filip Havelka AM 6 0 0 2016-2017
22%
108 Filip Soucek CM 40 1 3 2020-2022
22%
250 Francis Litsingi LM 6 1 0 2015-2016
22%
147 Georges Mandjeck DM 25 0 0 2017-2018, 2019-2020
22%
231 Gol-Gol Mebrahtu ST 7 0 1 2018-2019
22%
263 Herolind Shala CM 3 0 0 2014-2015
22%
92 Igor Zofcak AM 53 5 12 2007-2011
22%
289 Ivica Krizanac CB 1 0 0 2000-2001
22%
48 Jakub Brabec CB 87 9 2 2011-2012, 2013-2017
22%
189 Jakub Jankto LM 15 1 0 2022-2023
22%
206 Jakub Mares ST 12 2 0 2011-2012
22%
71 Jakub Pesek RW 68 9 9 2014-2015, 2021-2025
22%
114 Jakub Podany LB 37 1 4 2010-2011, 2014-2015
22%
226 Jakub Reznicek ST 8 0 0 2014-2015
22%
242 Jan Fortelny AM 6 0 0 2020-2021, 2022-2023
22%
100 Jan Holenda ST 46 10 2 2007-2010
22%
227 Jan Krob LB 8 0 1 2008-2009, 2010-2011
22%
131 Jan Mejdr RB 28 0 1 2022-2024
22%
79 Jan Simak AM 63 3 3 2004-2007
22%
177 Jiri Jeslinek RW 18 1 2 2005-2006, 2007-2008, 2010-2011
22%
40 Jiri Kladrubsky RB 94 11 2 2007-2011
22%
275 Jiri Koubsky CB 2 1 0 2004-2005
22%
187 Jiri Kulhanek CB 16 0 2 2017-2019
22%
192 Jiri Skalak LW 14 0 0 2012-2014
22%
103 Josef Obajdin ST 44 14 6 2000-2003
22%
292 Juraj Chvatal RB 1 0 0 2014-2015
22%
298 Juraj Piroska AM 1 0 1 2008-2009
22%
115 Kehinde Fatai ST 36 11 3 2015-2016
22%
200 Leandro Lazzaro ST 13 4 2 2000-2002
22%
240 Lubomir Blaha ST 7 0 1 2001-2002
22%
171 Lubos Kalouda AM 20 0 0 2009-2010
22%
253 Lubos Loucka DM 5 1 0 2005-2006
22%
202 Lukas Hejda CB 13 0 0 2009-2011
22%
24 Lukas Julis ST 111 30 5 2013-2014, 2015-2017, 2019-2023
22%
20 Lukas Marecek DM 123 3 4 2013-2018
22%
230 Lukas Tresnak ST 8 1 0 2009-2011
22%
269 Marco Paixão ST 3 0 0 2015-2016
22%
161 Marek Stech GK 22 0 0 2014-2016
22%
238 Marek Strestik AM 7 0 1 2009-2010
22%
244 Marian Had CB 6 0 0 2008-2009
22%
223 Markus Steinhöfer RB 8 0 4 2015-2016
22%
221 Martin Abena DM 9 0 0 2010-2012
22%
233 Martin Abraham DM 7 1 0 2007-2008
22%
224 Martin Graiciar ST 8 0 0 2019-2020
22%
248 Martin Jirous ST 6 0 1 2009-2010
22%
201 Martin Juhar LM 13 1 0 2011-2012
22%
234 Martin Klein CB 7 1 0 2000-2002
22%
288 Martin Matousek AM 1 0 0 2016-2017
22%
261 Martin Nespor ST 3 1 0 2014-2015
22%
295 Martin Novy RB 1 0 0 2016-2017
22%
239 Martin Prohaszka ST 7 0 1 2000-2001
22%
163 Martin Zboncak LB 22 1 2 2002-2004
22%
77 Martin Zeman LM 64 5 10 2007-2011
22%
82 Matej Hanousek LB 61 1 3 2018-2021
22%
93 Matej Hybs CB 52 0 2 2012-2013, 2015-2017
22%
87 Matej Pulkrab ST 57 15 3 2016-2017, 2018-2019, 2021-2022
22%
207 Mathias Ross CB 12 0 0 2024-2025
22%
229 Michal Breznanik LM 8 0 0 2014-2016
22%
167 Michal Hornak CB 20 2 1 2000-2001
22%
140 Michal Pospisil ST 26 8 3 2002-2003
22%
97 Michal Travnik CM 46 0 4 2019-2021
22%
267 Mihailo Ristic LB 3 0 0 2017-2019
22%
285 Milan Jurdík AM 1 0 0 2009-2010
22%
264 Milan Petrzela RM 3 0 0 2007-2008
22%
294 Milan Pisko CB 1 0 0 2015-2016
22%
193 Milos Brezinsky CB 14 0 0 2007-2008
22%
191 Milos Lacny ST 15 0 1 2009-2011
22%
258 Mirko Poledica LB 5 0 0 2003-2004
22%
291 Miroslav Miller GK 1 0 0 2015-2016
22%
247 Nejc Pecnik ST 6 0 0 2008-2009
22%
205 Néstor Albiach CF 12 0 1 2016-2018
22%
104 Ondrej Celustka CB 43 2 2 2020-2022
22%
143 Ondrej Mazuch CB 25 1 1 2015-2017
22%
86 Ondrej Svejdik CB 58 4 1 2012-2015
22%
72 Ondrej Zahustel RM 67 5 6 2015-2020
22%
203 Patrice Abanda CB 12 0 0 2000-2001, 2003-2004
22%
195 Patrik Jezek LM 14 2 0 2003-2004
22%
304 Pavel Hajek AM 1 0 0 2018-2019
22%
251 Pavel Krmas CB 6 0 0 2003-2004
22%
135 Pavel Mares LB 27 3 0 2001-2002, 2006-2007
22%
80 Pavel Pergl CB 63 3 1 2002-2006
22%
198 Pavel Zavadil CM 13 0 0 2001-2003
22%
204 Peter Babnic RW 12 1 1 2001-2003
22%
134 Peter Grajciar AM 28 5 5 2011-2013
22%
156 Petr Jiracek CM 23 0 0 2015-2016
22%
136 Radek Mynar RB 27 2 5 2000-2002
22%
286 Radek Sirl LB 1 0 0 2001-2002
22%
186 Radek Sloncik AM 16 0 1 2000-2002
22%
110 Radim Holub ST 39 18 4 2000-2003
22%
182 Rene Bolf CB 16 2 0 2000-2001
22%
199 Roman Lengyel CB 13 1 0 2000-2002
22%
232 Roman Polom CB 7 0 0 2012-2013
22%
133 Semih Kaya CB 28 2 0 2017-2020
22%
165 Stepan Kucera CB 21 0 0 2006-2007, 2008-2009
22%
49 Tiemoko Konate RW 87 7 11 2012-2017
22%
150 Tomas Cizek AM 24 2 1 2001-2003
22%
228 Tomas Huber CB 8 0 0 2008-2009
22%
116 Tomas Koubek GK 35 0 0 2016-2018
22%
153 Tomas Polacek LM 23 4 1 2005-2006
22%
118 Tomas Postulka GK 34 0 0 2000-2001, 2006-2008
22%
65 Tomas Prikryl AM 74 9 2 2011-2015
22%
151 Uros Radakovic CB 24 1 1 2018-2020
22%
154 Vaclav Drchal ST 23 5 1 2017-2019, 2021-2023
22%
178 Václav Drobný CB 18 0 0 2005-2007
22%
219 Vaclav Dudl LB 9 0 0 2016-2017
22%
159 Vaclav Kolousek MF 22 3 4 2000-2001
22%
196 Vaclav Sejk ST 14 0 0 2023-2024
22%
241 Vitezslav Tuma ST 6 1 1 2001-2002
22%
235 Vladimir Malar FW 7 0 1 2001-2002
22%
107 Vlastimil Vidlicka RB 40 3 3 2011-2013
22%
112 Vyacheslav Karavaev RB 38 4 9 2016-2018
22%
169 Zdenek Svoboda AM 20 1 8 2000-2001
22%
236 Zinedin Mustedanagic AM 7 0 0 2016-2018
22%
279 Adam Goljan LW 2 0 0 2022-2023
11%
208 Adiaba Bondoa CB 12 0 0 2010-2011
11%
282 Daniel Kastanek CM 2 0 0 2022-2023
11%
303 Imanol García de Albéniz LB 1 0 0 2024-2025
11%
283 Lukas Penxa LM 2 0 0 2024-2025
11%
254 Michal Sevcik AM 5 1 0 2023-2024
11%
262 Milan Jirasek CM 3 0 0 2012-2013
11%
281 Pablo Gil RB 2 0 0 2012-2013
11%
284 Radek Siler ST 1 0 0 2024-2025
11%
260 Stepan Vachousek LM 4 0 0 2010-2011
11%
212 Tomas Pekhart ST 11 7 2 2010-2011
11%
217 Vukadin Vukadinovic RW 10 1 0 2018-2019
11%
No matching quizzes found
Score Distribution
Percent of People with Each Score
Percentile by Number Answered
Your Score History
You have not taken this quiz